000 00354 a2200169 4500
001 184486
020 _a85-16-03541-7
040 _cMagnum
100 _aBandeira, Pedro
240 1 0 _aO medo e a ternura
_lpor
245 1 0 _aO medo e a ternura
300 _a88
362 0 _a2009
440 1 _aModerna
697 _aLITERATURA JUVENIL
942 _cBK
999 _c184486
_d184486